PRINCIPLES OF AGRONOMY (Record no. 5227)

MARC details
000 -LEADER
fixed length control field 00372nam a22001577a 4500
005 - DATE AND TIME OF LATEST TRANSACTION
control field 20160905175449.0
008 - FIXED-LENGTH DATA ELEMENTS--GENERAL INFORMATION
fixed length control field 160905b xxu||||| |||| 00| 0 eng d
020 ## - INTERNATIONAL STANDARD BOOK NUMBER
ISBN 978-93-272-6915-1
041 ## - LANGUAGE CODE
Language code of text/sound track or separate title eng
100 ## - MAIN ENTRY--AUTHOR NAME
Personal name REDDY,T YELLAMANDA
245 ## - TITLE STATEMENT
Title PRINCIPLES OF AGRONOMY
260 ## - PUBLICATION, DISTRIBUTION, ETC. (IMPRINT)
Name of publisher KALYANI
Year of publication 2016
300 ## - PHYSICAL DESCRIPTION
Number of Pages 648
650 ## - SUBJECT ADDED ENTRY--TOPICAL TERM
Topical Term AGRICULTURE
942 ## - ADDED ENTRY ELEMENTS (KOHA)
Koha item type Books
Holdings
Lost status Damaged status Collection code Home library Current library Shelving location Date acquired Source of acquisition Cost, normal purchase price Full call number Accession Number Koha item type
    Reference JRU Library JRU Library SHELF-2-C 05/09/2016 PURCHASE 375.00 630 21165 Books
    AGRICULTURE JRU Library JRU Library SHELF-45-A 05/09/2016 PURCHASE 375.00 630 21166 Books
    AGRICULTURE JRU Library JRU Library SHELF-45-A 05/09/2016 PURCHASE 375.00 630 21167 Books
    AGRICULTURE JRU Library JRU Library SHELF-45-A 05/09/2016 PURCHASE 375.00 630 21168 Books
    AGRICULTURE JRU Library JRU Library SHELF-45-A 05/09/2016 PURCHASE 375.00 630 21169 Books